L'affect (notice n° 1503808)

détails MARC
000 -LEADER
fixed length control field 01179cam a2200145 4500500
005 - DATE AND TIME OF LATEST TRANSACTION
control field 20250921000952.0
041 ## - LANGUAGE CODE
Language code of text/sound track or separate title fre
042 ## - AUTHENTICATION CODE
Authentication code dc
100 10 - MAIN ENTRY--PERSONAL NAME
Personal name Bouhsira, Jacques
Relator term author
245 00 - TITLE STATEMENT
Title L'affect
260 ## - PUBLICATION, DISTRIBUTION, ETC.
Name of publisher, distributor, etc. Presses Universitaires de France,<br/>
Date of publication, distribution, etc. 2005.<br/>
520 ## - SUMMARY, ETC.
Summary, etc. Si Freud a tenté de réduire la complexité de l’affect à un problème de quantité, force est de constater qu’après 1920 les questions qui se posent deviennent de plus en plus énigmatiques. Le propos de cet ouvrage est de mettre en perspective cette complexité: d’abord le trajet chez Freud de cette notion puis la confrontation aux réévaluations théoriquescontemporaines. Par exemple qu’en est-il de la théorie de l’affect chez les kleiniens&amp;#8239;? Quelle est la fonction de l’affect dans la théorie psychosomatique&amp;#8239;? Qu’en est-il de son rapport à l’éprouvé&amp;#8239;? Les auteurs, qu’ils soient proches ou éloignés de cette conception, montrent ici l’importance de la question de l’affect inconscient.
700 10 - ADDED ENTRY--PERSONAL NAME
Personal name Parat, Hélène
Relator term author
856 41 - ELECTRONIC LOCATION AND ACCESS
Uniform Resource Identifier <a href="https://shs.cairn.info/l-affect--9782130548652?lang=fr&redirect-ssocas=7080">https://shs.cairn.info/l-affect--9782130548652?lang=fr&redirect-ssocas=7080</a>

Pas d'exemplaire disponible.

PLUDOC

PLUDOC est la plateforme unique et centralisée de gestion des bibliothèques physiques et numériques de Guinée administré par le CEDUST. Elle est la plus grande base de données de ressources documentaires pour les Étudiants, Enseignants chercheurs et Chercheurs de Guinée.

Adresse

627 919 101/664 919 101

25 boulevard du commerce
Kaloum, Conakry, Guinée

Réseaux sociaux

Powered by Netsen Group @ 2025